[Event "EYCC Girls U14 2018"]
[Site "Riga"]
[Date "2018.08.23"]
[Round "4"]
[White "Wikar, Martyna"]
[Black "Krasteva, Beloslava"]
[Result "1-0"]
[WhiteElo "1974"]
[BlackElo "2086"]
[Annotator "NA RC"]
[PlyCount "85"]
[EventDate "2018.08.20"]
[EventType "swiss"]
[EventCountry "LAT"]
[SourceTitle "playchess.com"]
[Source "ChessBase"]
[SourceQuality "1"]
[TimeControl "40/5400+30:1800+30"]

1. e4 {[%emt 0:00:00]} c5 {[%emt 0:00:00]} 2. Ne2 {[%emt 0:00:00]} d6 {[%emt 0:01:20]} 3. g3 {[%emt 0:00:08]} Nc6 {[%emt 0:01:39]} 4. Bg2 {[%emt 0:00:24]} g6 {[%emt 0:01:12] B20: Sicilian: Unusual White 2nd moves} 5. c3 {[%emt 0:00:19]} e5 {[%emt 0:02:18]} (5... Bg7 6. d4 Bg4 7. d5 Ne5 8. f4 Nd7 9. O-O Ngf6 10. h3 Bxe2 11. Qxe2 O-O 12. Nd2 Qc7 13. Kh2 e6 14. dxe6 fxe6 {1-0 (52) Mchedlishvili,M (2601)-Darini,P (2511) Doha 2016}) 6. d4 {[%emt 0:01:13]} exd4 {[%emt 0:08:42]} 7. cxd4 {[%emt 0:01:28]} Bg7 {[%emt 0:01:15]} 8. dxc5 {[%emt 0:06:16]} dxc5 {[%emt 0:01:00]} 9. Qxd8+ {[%emt 0:02:32]} Kxd8 $146 {[%emt 0:01:45]} ({Predecessor:} 9... Nxd8 $14 10. Nbc3 Ne6 (10... Bd7 11. Nd5 Rc8 12. Nec3 {½-½ (23) Saltaev,M (2477)-Agopov,M (2433) Germany 2016})) 10. Nbc3 {[%emt 0:02:11]} Nge7 {[%emt 0:11:46]} 11. Be3 {[%emt 0:03:42]} b6 {[%emt 0:03:04]} 12. O-O-O+ {[%emt 0:08:59]} Ke8 {[%emt 0:03:14]} 13. Nb5 {[%emt 0:14:11]} Kf8 {[%emt 0:04:01]} 14. Nec3 {[%emt 0:05:08]} a6 {[%emt 0:02:45]} 15. Nc7 {[%emt 0:02:32]} Ra7 {[%emt 0:02:37]} 16. N7d5 {[%emt 0:02:14]} Nxd5 {[%emt 0:06:18]} 17. Nxd5 {[%emt 0:03:59]} Nd4 {[%emt 0:07:40]} 18. Nxb6 {[%emt 0:02:14]} Be6 {[%emt 0:02:40]} 19. Nd5 {[%emt 0:02:48]} Rb7 {[%emt 0:02:17]} 20. Rd2 {[%emt 0:01:42]} h5 $16 {[%emt 0:02:53]} 21. f4 {[%emt 0:09:46]} Bxd5 {[%emt 0:03:12]} 22. exd5 {[%emt 0:04:06]} a5 {[%emt 0:01:21]} 23. Kb1 {[%emt 0:02:20]} a4 {[%emt 0:05:31]} 24. Rd3 {[%emt 0:01:32]} Ke8 {[%emt 0:02:09]} 25. Rc1 {[%emt 0:13:14]} Nf5 {[%emt 0:06:07]} 26. Rc2 {[%emt 0:01:55]} c4 {[%emt 0:06:38]} 27. Ra3 {[%emt 0:01:08]} c3 {[%emt 0:00:25]} 28. Raxc3 {[%emt 0:01:04]} Bxc3 {[%emt 0:00:26]} 29. Rxc3 {[%emt 0:00:05]} Nd6 {[%emt 0:00:54]} 30. Bd4 {[%emt 0:01:01]} Rg8 {[%emt 0:00:33]} 31. Ra3 {[%emt 0:01:45]} Kd7 {[%emt 0:02:32]} 32. Rxa4 {[%emt 0:00:27]} Re8 {[%emt 0:00:07]} 33. Bf3 {[%emt 0:02:05]} Rc7 {[%emt 0:01:07]} 34. a3 {[%emt 0:01:39]} Re1+ {[%emt 0:01:00]} 35. Ka2 {[%emt 0:00:01]} Nc4 {[%emt 0:01:25]} 36. Bc3 {[%emt 0:00:54]} Re3 {[%emt 0:00:15]} 37. Bd1 {[%emt 0:00:51]} Nd6 {[%emt 0:01:31]} 38. Ra6 {[%emt 0:00:53]} Ne4 {[%emt 0:02:35]} 39. Ba4+ {[%emt 0:00:36]} Ke7 {[%emt 0:00:34]} 40. Bb4+ {[%emt 0:00:00]} Kd8 {[%emt 0:00:00]} 41. Ra8+ {[%emt 0:01:52]} Rc8 {[%emt 0:03:14]} 42. Ba5+ {[%emt 0:00:06]} Ke7 {[%emt 0:01:10]} 43. Rxc8 {[%emt 0:00:07]} 1-0

[Event "EYCC Girls U14 2018"]
[Site "Riga"]
[Date "2018.08.23"]
[Round "4"]
[White "Bondareva, Daria"]
[Black "Karavitaki, Evaggelia"]
[Result "1-0"]
[WhiteElo "1922"]
[BlackElo "1727"]
[Annotator "NA RC"]
[PlyCount "41"]
[EventDate "2018.08.20"]
[EventType "swiss"]
[EventCountry "LAT"]
[SourceTitle "playchess.com"]
[Source "ChessBase"]
[SourceQuality "1"]
[TimeControl "40/5400+30:1800+30"]

1. d4 {[%emt 0:00:00]} Nf6 {[%emt 0:00:00]} 2. Nf3 d5 {[%emt 0:01:33]} 3. e3 {[%emt 0:00:23]} e6 {[%emt 0:01:39]} 4. Bd3 {[%emt 0:00:09]} c5 {[%emt 0:00:17]} 5. b3 Be7 {[%emt 0:01:28]} 6. O-O {[%emt 0:00:31]} O-O {[%emt 0:02:13]} 7. Bb2 {[%emt 0:00:43]} b6 {[%emt 0:10:10]} 8. Ne5 {[%emt 0:04:42]} Bb7 {[%emt 0:04:45]} 9. Nd2 {[%emt 0:10:47]} Ne4 {[%emt 0:07:41]} 10. dxc5 Nxd2 {[%emt 0:02:59]} 11. Qxd2 {[%emt 0:06:02]} bxc5 {[%emt 0:04:36]} 12. Qe2 f5 {[%emt 0:05:54]} 13. f4 {[%emt 0:04:25]} Nd7 {[%emt 0:07:35]} 14. g4 {[%emt 0:07:30]} Qe8 $16 {[%emt 0:06:33]} (14... Nxe5 $15 15. Bxe5 Bd6) 15. Bb5 Bc8 16. gxf5 {[%emt 0:07:34]} exf5 {[%emt 0:03:29]} 17. Qg2 Bf6 {[%emt 0:12:40]} 18. Qxd5+ {[%emt 0:02:09]} Kh8 {[%emt 0:00:07]} 19. Qxa8 {[%emt 0:02:06]} Bxe5 {[%emt 0:02:54]} 20. Bxe5 {[%emt 0:00:21]} Qg6+ {[%emt 0:00:31]} 21. Qg2 {[%emt 0:00:50]} 1-0

[Event "EYCC Girls U14 2018"]
[Site "Riga"]
[Date "2018.08.23"]
[Round "4"]
[White "Mkrtchyan, Mariam"]
[Black "Allahverdiyeva, Ayan"]
[Result "1/2-1/2"]
[WhiteElo "1881"]
[BlackElo "2046"]
[Annotator "NA RC"]
[PlyCount "148"]
[EventDate "2018.08.20"]
[EventType "swiss"]
[EventCountry "LAT"]
[SourceTitle "playchess.com"]
[Source "ChessBase"]
[SourceQuality "1"]
[TimeControl "40/5400+30:1800+30"]

1. d4 {[%emt 0:00:00]} e6 {[%emt 0:00:34]} 2. Nf3 {[%emt 0:00:00]} Nf6 {[%emt 0:00:08]} 3. c4 {[%emt 0:01:21]} b6 {[%emt 0:00:25]} 4. g3 {[%emt 0:00:09]} Ba6 {[%emt 0:00:05]} 5. b3 {[%emt 0:00:17]} Bb4+ {[%emt 0:00:37]} 6. Bd2 {[%emt 0:00:05]} Be7 {[%emt 0:00:04]} 7. Bg2 {[%emt 0:00:04]} d5 {[%emt 0:00:04]} 8. cxd5 {[%emt 0:05:19]} exd5 {[%emt 0:00:05]} 9. O-O {[%emt 0:00:19]} O-O {[%emt 0:00:06]} 10. Nc3 {[%emt 0:00:30]} Bb7 {[%emt 0:00:08]} 11. Rc1 {[%emt 0:03:17]} Nc6 {[%emt 0:01:22]} 12. Bf4 {[%emt 0:02:42]} a6 {[%emt 0:16:44]} 13. Ne5 {[%emt 0:05:09]} Na7 {[%emt 0:00:31]} 14. Na4 {[%emt 0:05:44]} Bd6 {[%emt 0:01:11]} 15. Bg5 {[%emt 0:03:40]} Re8 $16 {[%emt 0:02:23]} (15... Be7 $14) 16. Ng4 {[%emt 0:01:59]} Qd7 {[%emt 0:09:16]} 17. Nxf6+ {[%emt 0:17:59]} gxf6 {[%emt 0:00:04]} 18. Bh6 {[%emt 0:01:12]} Qg4 {[%emt 0:06:01]} 19. Nc3 {[%emt 0:06:47]} Qh5 {[%emt 0:09:26]} 20. Qd2 {[%emt 0:04:14]} Rad8 {[%emt 0:02:41]} 21. Bf3 {[%emt 0:02:35]} Qf5 {[%emt 0:00:25]} 22. g4 {[%emt 0:06:46]} Qe6 {[%emt 0:00:38]} 23. Nd1 {[%emt 0:00:16]} Nc8 {[%emt 0:03:05]} 24. Ne3 {[%emt 0:04:36]} Ne7 {[%emt 0:00:19]} 25. Kh1 {[%emt 0:01:10]} Kh8 {[%emt 0:00:28]} 26. Qd3 {[%emt 0:01:55]} Ng8 {[%emt 0:07:57]} 27. Nf5 {[%emt 0:10:02]} Nxh6 {[%emt 0:00:29]} 28. Nxh6 {[%emt 0:00:17]} Bf4 {[%emt 0:00:08]} 29. Nf5 {[%emt 0:00:44]} Bxc1 {[%emt 0:01:16]} 30. Rxc1 {[%emt 0:00:05]} Rc8 {[%emt 0:01:07]} 31. b4 {[%emt 0:01:30]} Bc6 {[%emt 0:04:27]} 32. Ne3 {[%emt 0:03:59]} Bb7 {[%emt 0:07:42]} 33. Nf5 {[%emt 0:01:52]} c6 {[%emt 0:06:46]} 34. Qd2 {[%emt 0:02:33]} Rg8 {[%emt 0:00:21]} 35. Qf4 {[%emt 0:00:25]} Ba8 {[%emt 0:03:10]} 36. Rc3 {[%emt 0:00:49]} Rce8 {[%emt 0:06:32]} 37. Qc7 {[%emt 0:03:18]} Qc8 {[%emt 0:04:54]} 38. Qxb6 {[%emt 0:01:21]} Qb8 {[%emt 0:01:19]} 39. Qc5 {[%emt 0:00:35]} Re6 {[%emt 0:00:42]} 40. a3 {[%emt 0:00:00]} Qb5 {[%emt 0:00:00]} 41. Rc2 {[%emt 0:11:07]} Qb8 {[%emt 0:16:07]} 42. e3 {[%emt 0:02:23]} h5 {[%emt 0:04:33]} 43. h3 {[%emt 0:02:14]} Rg5 {[%emt 0:03:07]} 44. Rc1 {[%emt 0:02:17]} Qg8 {[%emt 0:01:00]} 45. Rg1 {[%emt 0:02:51]} Qh7 {[%emt 0:04:58]} 46. Qf8+ {[%emt 0:05:33]} Rg8 {[%emt 0:00:15]} 47. Qh6 {[%emt 0:00:11]} Qxh6 {[%emt 0:01:36]} 48. Nxh6 {[%emt 0:00:02]} Rg6 {[%emt 0:01:29]} 49. Nf5 {[%emt 0:00:59]} Rg5 {[%emt 0:00:53]} 50. Kg2 {[%emt 0:02:30]} Bb7 {[%emt 0:01:24]} 51. Rc1 {[%emt 0:01:28]} Bc8 {[%emt 0:01:55]} 52. Kg3 {[%emt 0:02:30]} Bd7 {[%emt 0:01:51]} 53. Kf4 {[%emt 0:00:41]} Re8 {[%emt 0:00:27]} 54. Nd6 {[%emt 0:00:41]} Rf8 {[%emt 0:00:07]} 55. Rc5 {[%emt 0:01:02]} hxg4 {[%emt 0:01:11]} 56. hxg4 {[%emt 0:00:05]} Kg8 {[%emt 0:00:25]} 57. Ra5 {[%emt 0:00:18]} Ra8 {[%emt 0:00:04]} 58. Nb7 {[%emt 0:00:56]} Kf8 {[%emt 0:00:49]} 59. Nc5 {[%emt 0:00:33]} Ke7 {[%emt 0:00:18]} 60. Be2 {[%emt 0:01:59]} Rgg8 {[%emt 0:00:59]} 61. a4 {[%emt 0:00:59]} Rgb8 {[%emt 0:00:21]} 62. Nxa6 {[%emt 0:00:51]} Rxb4 {[%emt 0:00:06]} 63. Nxb4 {[%emt 0:02:25]} Rxa5 {[%emt 0:00:05]} 64. Bd1 {[%emt 0:00:12]} Kd6 {[%emt 0:00:11]} 65. Nd3 {[%emt 0:00:07]} Bc8 {[%emt 0:01:17]} 66. g5 {[%emt 0:01:52]} fxg5+ {[%emt 0:02:10]} 67. Kxg5 {[%emt 0:00:06]} Ra7 {[%emt 0:01:37]} 68. Kf6 {[%emt 0:00:35]} Bd7 {[%emt 0:00:32]} 69. Nc5 {[%emt 0:00:19]} Be6 {[%emt 0:00:22]} 70. a5 {[%emt 0:00:46]} Bc8 {[%emt 0:00:14]} 71. Nb3 {[%emt 0:00:46]} Ba6 {[%emt 0:00:16]} 72. Nc5 {[%emt 0:00:15]} Bc8 {[%emt 0:00:04]} 73. Nb3 {[%emt 0:00:22]} Ba6 {[%emt 0:00:15]} 74. Nc5 {[%emt 0:00:44]} Bc8 {[%emt 0:00:12]} 1/2-1/2

[Event "EYCC Girls U14 2018"]
[Site "Riga"]
[Date "2018.08.23"]
[Round "4"]
[White "Kuhar, Larisa"]
[Black "Kirchei, Viktoriia"]
[Result "1-0"]
[WhiteElo "1877"]
[BlackElo "1987"]
[Annotator "NA RC"]
[PlyCount "115"]
[EventDate "2018.08.20"]
[EventType "swiss"]
[EventCountry "LAT"]
[SourceTitle "playchess.com"]
[Source "ChessBase"]
[SourceQuality "1"]
[TimeControl "40/5400+30:1800+30"]

1. e4 {[%emt 0:00:00]} c6 {[%emt 0:00:00]} 2. d4 {[%emt 0:00:00]} d5 {[%emt 0:00:00]} 3. Nc3 {[%emt 0:00:00]} dxe4 {[%emt 0:00:00]} 4. Nxe4 {[%emt 0:00:06]} Bf5 {[%emt 0:00:00]} 5. Ng3 {[%emt 0:00:14]} Bg6 {[%emt 0:00:00]} 6. Bc4 {[%emt 0:00:27]} e6 {[%emt 0:00:00]} 7. N1e2 {[%emt 0:00:31]} Nf6 {[%emt 0:00:19]} 8. Nf4 {[%emt 0:01:13]} Bd6 {[%emt 0:00:25]} 9. c3 {[%emt 0:00:18]} Qc7 {[%emt 0:00:24]} 10. Qf3 {[%emt 0:01:19]} O-O {[%emt 0:26:30]} 11. Nxg6 {[%emt 0:08:41]} hxg6 {[%emt 0:00:10]} 12. Bg5 {[%emt 0:03:04]} Nbd7 {[%emt 0:00:33]} 13. Bb3 {[%emt 0:06:07]} Rae8 {[%emt 0:16:37]} 14. O-O {[%emt 0:07:44]} Qa5 {[%emt 0:05:06]} 15. Be3 {[%emt 0:11:50]} e5 {[%emt 0:01:41]} 16. Ne4 $14 {[%emt 0:08:35]} Bb8 {[%emt 0:07:47]} 17. Nd2 {[%emt 0:22:00]} e4 {[%emt 0:03:08]} 18. Qd1 {[%emt 0:03:10]} Qc7 {[%emt 0:09:21]} 19. g3 {[%emt 0:00:31]} c5 {[%emt 0:02:13]} 20. f3 {[%emt 0:04:54]} exf3 {[%emt 0:09:15]} 21. Qxf3 {[%emt 0:00:13]} cxd4 {[%emt 0:01:13]} 22. cxd4 {[%emt 0:02:29]} Nb6 {[%emt 0:03:25]} 23. Bg5 {[%emt 0:01:21]} Nh7 {[%emt 0:00:29]} 24. Be3 {[%emt 0:03:33]} Kh8 {[%emt 0:03:22]} 25. Rae1 {[%emt 0:02:22]} a5 {[%emt 0:02:22]} 26. a4 {[%emt 0:01:22]} Qd7 {[%emt 0:00:56]} 27. Qd1 {[%emt 0:02:35]} Qh3 {[%emt 0:00:46]} 28. Nf3 {[%emt 0:06:09]} Bxg3 {[%emt 0:01:05]} 29. hxg3 {[%emt 0:00:09]} Qxg3+ {[%emt 0:00:02]} 30. Kh1 {[%emt 0:00:14]} Qh3+ {[%emt 0:00:11]} 31. Kg1 {[%emt 0:00:29]} Re4 {[%emt 0:00:58]} 32. Kf2 {[%emt 0:00:27]} Rg4 {[%emt 0:00:39]} 33. Rg1 {[%emt 0:00:47]} Nf6 {[%emt 0:00:23]} 34. Rxg4 {[%emt 0:01:54]} Nxg4+ {[%emt 0:00:06]} 35. Ke2 {[%emt 0:00:23]} Qg2+ {[%emt 0:01:02]} 36. Kd3 {[%emt 0:00:21]} Re8 {[%emt 0:04:59]} 37. Ne5 {[%emt 0:02:23]} Nxe5+ {[%emt 0:01:00]} 38. dxe5 {[%emt 0:00:02]} Rd8+ {[%emt 0:00:48]} 39. Bd4 {[%emt 0:00:15]} Qxb2 {[%emt 0:00:57]} 40. Ke4 {[%emt 0:00:00]} Qg2+ {[%emt 0:00:00]} 41. Kd3 {[%emt 0:08:48]} Qh3+ {[%emt 0:14:40]} 42. Kc2 {[%emt 0:02:16]} Qf5+ {[%emt 0:01:46]} 43. Kb2 {[%emt 0:00:36]} Qf4 {[%emt 0:14:42]} 44. Kc3 {[%emt 0:07:51]} Nd5+ {[%emt 0:00:33]} 45. Bxd5 {[%emt 0:02:29]} Rxd5 {[%emt 0:00:03]} 46. Qd3 {[%emt 0:00:28]} Qh4 {[%emt 0:00:48]} 47. Qe4 {[%emt 0:01:27]} Qd8 {[%emt 0:00:36]} 48. e6 {[%emt 0:04:30]} Qc8+ {[%emt 0:01:03]} 49. Kd3 {[%emt 0:00:19]} fxe6 {[%emt 0:00:15]} 50. Qxg6 {[%emt 0:00:29]} Qd7 {[%emt 0:00:29]} 51. Rh1+ {[%emt 0:00:54]} Kg8 {[%emt 0:00:03]} 52. Qh7+ {[%emt 0:00:10]} Kf8 {[%emt 0:00:15]} 53. Rf1+ {[%emt 0:00:46]} Ke7 {[%emt 0:00:05]} 54. Qxg7+ {[%emt 0:00:26]} Kd8 {[%emt 0:00:03]} 55. Rf7 {[%emt 0:02:53]} Qe8 {[%emt 0:00:49]} 56. Rf8 {[%emt 0:00:36]} e5 {[%emt 0:00:25]} 57. Rxe8+ {[%emt 0:00:08]} Kxe8 {[%emt 0:00:03]} 58. Qg8+ {[%emt 0:00:02]} 1-0

[Event "EYCC Girls U14 2018"]
[Site "Riga"]
[Date "2018.08.23"]
[Round "4"]
[White "Sleurs, Juliette"]
[Black "Dylag, Emilia"]
[Result "0-1"]
[WhiteElo "1870"]
[BlackElo "2095"]
[Annotator "NA RC"]
[PlyCount "44"]
[EventDate "2018.08.20"]
[EventType "swiss"]
[EventCountry "LAT"]
[SourceTitle "playchess.com"]
[Source "ChessBase"]
[SourceQuality "1"]
[TimeControl "40/5400+30:1800+30"]

1. e4 {[%emt 0:00:00]} c5 {[%emt 0:00:00]} 2. Nf3 {[%emt 0:00:00]} d6 {[%emt 0:00:00]} 3. Bb5+ {[%emt 0:00:00]} Nd7 {[%emt 0:00:00]} 4. d4 {[%emt 0:00:00]} cxd4 {[%emt 0:00:51]} 5. Qxd4 {[%emt 0:00:10]} e5 {[%emt 0:08:06]} 6. Qd3 {[%emt 0:00:24]} Be7 {[%emt 0:02:02]} 7. c4 {[%emt 0:03:31]} Ngf6 {[%emt 0:02:47]} 8. Bg5 {[%emt 0:06:21]} O-O {[%emt 0:00:00]} 9. Bxd7 {[%emt 0:07:44]} Nxd7 {[%emt 0:04:34]} 10. Bxe7 {[%emt 0:01:16]} Qxe7 {[%emt 0:00:05]} 11. Nc3 {[%emt 0:00:55]} Nc5 {[%emt 0:00:44]} 12. Qe2 $11 {[%emt 0:01:51]} f5 {[%emt 0:05:43]} 13. Rd1 {[%emt 0:16:36]} fxe4 {[%emt 0:11:06]} 14. Nxe4 {[%emt 0:02:47]} Bg4 {[%emt 0:09:39]} 15. Nxd6 {[%emt 0:16:04]} Rad8 {[%emt 0:17:46]} 16. Rd5 {[%emt 0:14:27]} Rxd6 {[%emt 0:02:14]} 17. Rxc5 {[%emt 0:00:46]} e4 {[%emt 0:03:51]} 18. h3 {[%emt 0:06:50]} Re6 {[%emt 0:00:56]} 19. Rc7 {[%emt 0:01:05]} Qf6 {[%emt 0:04:07]} 20. Ng5 {[%emt 0:03:07]} Bxe2 {[%emt 0:00:21]} 21. Nxe6 {[%emt 0:00:17]} Qxe6 {[%emt 0:00:15]} 22. Kxe2 {[%emt 0:00:20]} Qb6 {[%emt 0:00:05]} 0-1

[Event "EYCC Girls U14 2018"]
[Site "Riga"]
[Date "2018.08.23"]
[Round "4"]
[White "Hakobyan, Astghik"]
[Black "Garifullina, Leya"]
[Result "1-0"]
[WhiteElo "1820"]
[BlackElo "2106"]
[Annotator "TA"]
[PlyCount "117"]
[EventDate "2018.08.20"]
[EventType "swiss"]
[EventCountry "LAT"]
[SourceTitle "playchess.com"]
[Source "ChessBase"]
[SourceQuality "1"]

{[%evp 20,117,-14,-8,0,4,22,-17,0,-25,-26,-29,0,0,0,0,0,0,0,0,0,-1,0,0,0,0,0,-11,-7,-166,-40,-31,-19,-27,0,0,0,0,0,0,0,0,0,0,0,0,0,7,11,0,0,0,214,225,214,222,222,222,222,230,227,227,263,266,282,289,292,291,377,368,435,435,435,435,414,338,332,297,288,265,525,514,822,810,777,772,729,701,1291,1215,1928,1177,29986,29987,29988,29989,29992,29993,29993,29994]} 1. e4 e6 2. d4 d5 3. Nc3 Bb4 4. e5 c5 5. a3 Bxc3+ 6. bxc3 Qc7 7. Nf3 Ne7 8. Bd3 b6 9. a4 Ba6 10. Bb5+ Bxb5 {C19: French: 3 Nc3 Bb4: Main line: 7 Nf3 and 7 a4} 11. axb5 {LiveBook: 8 Games} cxd4 (11... a5 12. bxa6 O-O 13. O-O Rxa6 14. Rxa6 Nxa6 15. Qd3 Ra8 16. Ng5 Ng6 17. Bd2 cxd4 18. cxd4 {½-½ (47) Metz,H (2334)-Rapport,R (2720) Karlsruhe 2016}) 12. cxd4 Qc4 {The position is equal.} 13. Rb1 a5 $146 ({Predecessor:} 13... Nd7 14. Qe2 Rc8 15. Qxc4 Rxc4 16. Kd2 Nf5 17. c3 O-O 18. Ra1 {½-½ (33) Audi,A (1877)-Arjun,S (2036) Calicut 2013}) 14. bxa6 Rxa6 15. Qe2 Qxe2+ 16. Kxe2 Nbc6 17. Bd2 Kd7 18. Rb3 Rha8 19. Rhb1 Kc7 20. Kd3 h6 21. Ng1 Ra3 22. Ne2 Rxb3+ 23. Rxb3 Ra1 24. h3 $2 {[#]} (24. Bc1 $11) 24... Nf5 ({Better is} 24... Rf1 $1 $19 25. Be3 Na5) 25. g4 $15 Nh4 26. Nc3 Rh1 27. Nb5+ Kd7 28. Ke2 Ra1 29. Rd3 Ra2 30. Kd1 Ra4 31. f4 Ra1+ 32. Ke2 Rh1 33. Kf2 Ng6 34. Ke2 Rh2+ 35. Kf1 Nge7 $2 {[#]} (35... Nh4 $11 {and Black stays safe.}) 36. Kg1 $1 $18 {[%cal Rg1h2]} Re2 37. Nc3 Re4 38. Nxe4 dxe4 {[%mdl 4096] Endgame KRB-KNN} 39. Re3 Nxd4 40. Rxe4 Nec6 41. Be3 Ne2+ 42. Kf2 Nc3 43. Rc4 Nd1+ 44. Ke2 Nb2 45. Rc3 b5 46. Rb3 Na4 47. Rd3+ Kc7 48. Bd4 Nb4 49. Rd1 Kb7 $2 (49... Kc6 50. Rd2 Nd5) 50. c4 Kc6 (50... g6 $142 51. cxb5 Nd5) 51. Rb1 Nc2 52. cxb5+ Kd5 53. Rd1 Ke4 54. b6 Nb4 55. Ra1 Nd5 56. b7 {White mates.} Nxf4+ 57. Kd2 Kxd4 58. Rxa4+ Kxe5 59. b8=Q+ {Precision: White = 68%, Black = 45%.} 1-0

[Event "EYCC Girls U14 2018"]
[Site "Riga"]
[Date "2018.08.23"]
[Round "4"]
[White "Tsotsonava, Elene"]
[Black "Marcinczyk, Monika"]
[Result "1-0"]
[WhiteElo "1701"]
[BlackElo "1885"]
[Annotator "NA RC"]
[PlyCount "75"]
[EventDate "2018.08.20"]
[EventType "swiss"]
[EventCountry "LAT"]
[SourceTitle "playchess.com"]
[Source "ChessBase"]
[SourceQuality "1"]
[TimeControl "40/5400+30:1800+30"]

1. e4 {[%emt 0:00:00]} c5 {[%emt 0:00:00]} 2. Nf3 {[%emt 0:00:00]} Nc6 {[%emt 0:00:00]} 3. d4 {[%emt 0:00:00]} cxd4 {[%emt 0:00:00]} 4. Nxd4 {[%emt 0:00:00]} g6 {[%emt 0:00:30]} 5. c4 {[%emt 0:00:00]} Bg7 {[%emt 0:00:26]} 6. Be3 {[%emt 0:00:00]} Nf6 {[%emt 0:00:19]} 7. Nc3 {[%emt 0:00:06]} O-O {[%emt 0:00:16]} 8. Be2 {[%emt 0:00:04]} d6 {[%emt 0:00:34]} 9. O-O {[%emt 0:00:07]} Nxd4 {[%emt 0:00:52]} 10. Bxd4 {[%emt 0:00:07]} Bd7 {[%emt 0:00:38]} 11. Rc1 {[%emt 0:00:10]} Bc6 {[%emt 0:00:55]} 12. f3 {[%emt 0:00:10]} a5 {[%emt 0:00:34]} 13. b3 {[%emt 0:00:07]} Nd7 {[%emt 0:02:12]} 14. Be3 {[%emt 0:00:07]} Nc5 {[%emt 0:06:31]} 15. Qd2 {[%emt 0:00:17]} Be5 {[%emt 0:03:18] B38: Sicilian: Maroczy Bind with 5...Bg7 and 7...0-0} (15... Qb6 16. Rc2 Rfc8 17. Rfc1 Qd8 18. Bf1 h5 19. Rd1 Kh7 20. Nd5 e6 21. Nf4 Be5 22. Nh3 Kg8 23. Ng5 b6 {½-½ (44) Landa,K (2607)-Reinderman,D (2573) Netherlands 2017}) 16. Rfd1 {[%emt 0:04:18]} e6 {[%emt 0:05:29]} 17. Bf1 {[%emt 0:00:21]} Qh4 {[%emt 0:08:22]} 18. g3 {[%emt 0:00:09]} Qe7 {[%emt 0:01:48]} 19. Bg2 $146 {[%emt 0:01:02]} ({Predecessor:} 19. Qc2 f5 20. Bg2 fxe4 21. Nxe4 Nxe4 22. fxe4 Rfc8 23. Qe2 {½-½ (34) Cech,D (2151)-Jablonicky,M (2360) Banska Stiavnica 2018}) 19... Rfd8 {[%emt 0:01:25]} 20. Qf2 {[%emt 0:00:41]} Rd7 {[%emt 0:07:51]} 21. Nb5 {[%emt 0:01:00]} Bxb5 $14 {[%emt 0:06:07]} 22. cxb5 {[%emt 0:00:09]} Bg7 {[%emt 0:11:40]} 23. f4 {[%emt 0:05:04]} Bf8 {[%emt 0:07:38]} 24. Bf3 {[%emt 0:10:49]} Rc8 {[%emt 0:06:44]} 25. Rc2 {[%emt 0:09:23]} Qd8 {[%emt 0:09:19]} 26. Rdc1 {[%emt 0:13:32]} Rdc7 {[%emt 0:04:39]} 27. Qe2 {[%emt 0:02:00]} Nd7 {[%emt 0:02:27]} 28. Rc4 {[%emt 0:02:17]} Nc5 {[%emt 0:04:12]} 29. Qd2 {[%emt 0:02:43]} b6 {[%emt 0:01:05]} 30. Kg2 {[%emt 0:08:49]} Qd7 {[%emt 0:03:20]} 31. b4 {[%emt 0:07:49]} Nxe4 {[%emt 0:03:01]} 32. Rxc7 {[%emt 0:02:32]} Nxd2 {[%emt 0:00:11]} 33. Rxd7 {[%emt 0:04:15]} Rxc1 {[%emt 0:00:06]} 34. bxa5 {[%emt 0:02:17]} bxa5 {[%emt 0:01:30]} 35. b6 {[%emt 0:01:04]} Rc2 {[%emt 0:01:38]} 36. b7 {[%emt 0:01:08]} Nxf3+ {[%emt 0:01:44]} 37. Kxf3 {[%emt 0:00:07]} Rb2 {[%emt 0:00:10]} 38. Ba7 {[%emt 0:00:07]} 1-0

[Event "EYCC Girls U14 2018"]
[Site "Riga"]
[Date "2018.08.24"]
[Round "5"]
[White "Dylag, Emilia"]
[Black "Bondareva, Daria"]
[Result "1/2-1/2"]
[WhiteElo "2095"]
[BlackElo "1922"]
[Annotator "NA"]
[PlyCount "58"]
[EventDate "2018.08.20"]
[EventType "swiss"]
[EventCountry "LAT"]
[SourceTitle "playchess.com"]
[Source "ChessBase"]
[SourceQuality "1"]
[TimeControl "40/5400+30:1800+30"]

1. d4 {[%emt 0:00:00]} Nf6 {[%emt 0:00:02]} 2. Nf3 {[%emt 0:00:00]} e6 {[%emt 0:00:28]} 3. c4 {[%emt 0:00:07]} b6 {[%emt 0:00:16]} 4. g3 {[%emt 0:00:43]} Bb7 {[%emt 0:00:27]} 5. Bg2 {[%emt 0:00:20]} Bb4+ {[%emt 0:02:05]} 6. Bd2 {[%emt 0:00:14]} a5 {[%emt 0:00:15]} 7. O-O {[%emt 0:07:16]} O-O {[%emt 0:00:59]} 8. Bf4 {[%emt 0:11:06]} Be7 {[%emt 0:06:16]} 9. Nc3 {[%emt 0:01:41]} Ne4 {[%emt 0:03:50] LiveBook: 149 Games} 10. Nxe4 {[%emt 0:07:14]} Bxe4 {[%emt 0:00:04]} 11. Rc1 {[%emt 0:03:47]} d6 {[%emt 0:05:58]} 12. Qb3 {[%emt 0:05:24]} Nd7 {[%emt 0:05:58]} 13. Rfd1 {[%emt 0:01:59]} Rc8 {[%emt 0:10:41]} 14. Qe3 $11 {[%emt 0:25:41]} Ba8 {[%emt 0:02:22]} 15. c5 {[%emt 0:03:59]} Nf6 {[%emt 0:08:19]} 16. Qa3 {[%emt 0:09:12]} Qd7 {[%emt 0:05:34]} 17. Bg5 {[%emt 0:02:49]} h6 {[%emt 0:05:36]} 18. Bxf6 {[%emt 0:03:10]} Bxf6 {[%emt 0:03:38]} 19. c6 {[%emt 0:04:02]} Bxc6 {[%emt 0:10:50]} 20. Ne5 {[%emt 0:02:13]} dxe5 {[%emt 0:00:02]} 21. Bxc6 {[%emt 0:02:09]} Qd6 {[%emt 0:01:15]} 22. Qxd6 {[%emt 0:02:12]} cxd6 {[%emt 0:00:03]} 23. d5 {[%emt 0:02:03]} exd5 {[%emt 0:00:57]} 24. Bxd5 {[%emt 0:02:38]} Rc5 {[%emt 0:02:02]} 25. Rxc5 {[%emt 0:00:19]} bxc5 {[%emt 0:02:23]} 26. Bc4 {[%emt 0:00:44]} Be7 {[%emt 0:01:37]} 27. e4 {[%emt 0:00:47]} Rb8 {[%emt 0:00:52]} 28. b3 {[%emt 0:00:23]} Kf8 {[%emt 0:05:42]} 29. a4 {[%emt 0:00:25]} Rb6 {[%emt 0:01:37]} 1/2-1/2